La ecología del desarrollo humano. Experimentos en entornos naturales y diseñados
-д хадгалсан:
| Үндсэн зохиолч: | |
|---|---|
| Формат: | Ном |
| Хэл сонгох: | испани |
| Хэвлэсэн: |
Barcelona, España
Paidos
1987
|
| Хэвлэл: | 1a. ed |
| Цуврал: | Paidós Transiciones,
|
| Нөхцлүүд: | |
| Онлайн хандалт: | Disponible Online |
| Шошгууд: |
Шошго нэмэх
Шошго байхгүй, Энэхүү баримтыг шошголох эхний хүн болох!
|
MARC
| LEADER | 00000cam a2200000 a 4500 | ||
|---|---|---|---|
| 001 | UCW6419 | ||
| 003 | CL-VaPUC | ||
| 005 | 20240513102739.0 | ||
| 008 | 911212e19870000SP |||||||||||||||||spa|d | ||
| 999 | |c 219486 |d 219484 | ||
| 020 | |a 8449310865 | ||
| 040 | |c Pontificia Universidad Católica de Valparaíso | ||
| 082 | 0 | 4 | |a 155.7 BRO 1987 |2 21 |
| 100 | 0 | |a Bronfenbrenner, Urie |e author |9 311462 | |
| 245 | 1 | 3 | |a La ecología del desarrollo humano. |b Experimentos en entornos naturales y diseñados |
| 250 | |a 1a. ed | ||
| 260 | |a Barcelona, España |b Paidos |c 1987 | ||
| 300 | |a 346 páginas | ||
| 440 | |a Paidós Transiciones, |n 33 |9 860241 | ||
| 583 | |a last modification |c 20150413 10:41:46 |k Rodrigo Vera | ||
| 650 | 0 | |a Ecología humana |9 263207 | |
| 650 | 0 | |a Psicología evolutiva |9 271069 | |
| 856 | |u https://bibliografiadigital.pucv.cl/index.php/bibliotecapucv/catalog/book/249 |y Disponible Online | ||
| 942 | |c BK |2 ddc | ||
| 945 | |d 19911212 00:00:00 | ||
| 952 | |0 0 |1 0 |4 0 |6 155_700000000000000_BRO_1987 |7 0 |8 A |9 210449 |a BIBEDU |b BIBEDU |d 2019-11-15 |i 278596K |o 155.7 BRO 1987 |p 278596K |r 2019-11-15 |w 2019-11-15 |y BK |k EDU | ||
| 952 | |0 0 |1 0 |4 0 |6 155_700000000000000_BRO_1987 |7 0 |8 A |9 210450 |a BIBEDU |b BIBEDU |d 2019-11-15 |i 2785978 |l 2 |o 155.7 BRO 1987 |p 2785978 |r 2025-04-15 |s 2025-04-08 |w 2019-11-15 |y BK |k EDU | ||
| 952 | |0 0 |1 0 |4 0 |6 155_700000000000000_BRO_1987 |7 0 |8 A |9 210451 |a BIBGIM |b BIBGIM |d 2019-11-15 |i 3974189 |o 155.7 BRO 1987 |p 3974189 |r 2025-01-15 |w 2019-11-15 |y BK |k SSL | ||
| 952 | |0 0 |1 0 |4 0 |6 155_700000000000000_BRO_1987 |7 0 |8 A |9 210452 |a BIBEDU |b BIBEDU |d 2019-11-15 |i 4264495 |l 3 |o 155.7 BRO 1987 |p 4264495 |r 2024-09-24 |s 2024-08-30 |w 2019-11-15 |y BK |k EDU | ||
| 952 | |0 0 |1 0 |4 0 |6 155_700000000000000_BRO_1987 |7 0 |8 A |9 210453 |a BIBGIM |b BIBGIM |d 2019-11-15 |i 4756932 |l 3 |m 2 |o 155.7 BRO 1987 |p 4756932 |r 2025-01-15 |s 2022-12-13 |w 2019-11-15 |y BK |k SSL | ||
| 952 | |0 0 |1 0 |4 0 |6 155_700000000000000_BRO_1987 |7 0 |8 A |9 210454 |a BIBGIM |b BIBGIM |d 2019-11-15 |i 4840933 |o 155.7 BRO 1987 |p 4840933 |r 2025-01-15 |w 2019-11-15 |y BK |k SSL | ||
| 952 | |0 0 |1 0 |3 erb |4 0 |6 155_700000000000000_BRO_1987 |7 0 |8 A |9 210455 |a BIBGIM |b BIBGIM |i 5145848 |l 1 |m 2 |o 155.7 BRO 1987 |p 5145848 |r 2025-01-15 |s 2022-11-16 |w 2019-11-15 |y BK |z Catalogado en:20150416 |k SSL | ||
| 952 | |0 0 |1 0 |3 erb |4 0 |6 155_700000000000000_BRO_1987 |7 0 |8 A |9 210456 |a BIBGIM |b BIBGIM |i 5145856 |l 1 |o 155.7 BRO 1987 |p 5145856 |r 2025-01-15 |s 2022-11-24 |w 2019-11-15 |y BK |z Catalogado en:20150416 |k SSL | ||
| 952 | |0 0 |1 0 |3 erb |4 0 |6 155_700000000000000_BRO_1987 |7 0 |8 A |9 210457 |a BIBEDU |b BIBEDU |i 5365414 |l 6 |m 3 |o 155.7 BRO 1987 |p 5365414 |r 2023-10-13 |s 2023-10-06 |w 2019-11-15 |y BK |z Catalogado en:20170317 |k EPE | ||
| 952 | |0 0 |1 0 |3 erb |4 0 |6 155_700000000000000_BRO_1987 |7 0 |8 A |9 210458 |a BIBEDU |b BIBEDU |i 5365406 |l 4 |o 155.7 BRO 1987 |p 5365406 |r 2022-05-19 |s 2022-05-18 |w 2019-11-15 |y BK |z Catalogado en:20170317 |k EPE | ||
| 952 | |0 0 |1 0 |3 erb |4 0 |6 155_700000000000000_BRO_1987 |7 0 |8 A |9 210459 |a BIBGIM |b BIBGIM |i 5461499 |l 2 |o 155.7 BRO 1987 |p 5461499 |r 2025-01-15 |s 2022-11-25 |w 2019-11-15 |y BK |z Catalogado en:20180406 |k SSL | ||